000 00480nam a22001817a 4500
003 OSt
005 20211110154040.0
008 211110b |||||||| |||| 00| 0 eng d
020 _a0195704886
040 _cHAWASSA UNIVERSITY
050 _a63.0895952/KEL
_b1
082 _a63.0895952/KEL
_b1
100 _aKELLERMAN T.S.
_917798
245 _aPLANT POISONINGS AND MYCOTOXICOCK IN SOUTHERN AFRICA
260 _aNEW YORK
_bTORONTO
_c1988
300 _a243
942 _2ddc
_cBOOKS
_n0
999 _c17580
_d17580